Migranti - Statistics

Statistiche generali
  • Questo quiz è stato fatto 68 volte
  • Il punteggio medio è 25 su 43
Statistiche sulle risposte
To Here From Here % Corretto
Saudi Arabia Egitto
86%
Saudi Arabia, Fiji India
84%
Netherlands Marocco
76%
Turkey Siria
76%
Kenya Somalia
76%
Portugal Brasile
72%
Thailand Cina
72%
Greece Albania
71%
Kenya Etiopia
69%
Dominican Republic Stati Uniti
69%
Turkey, Greece Bulgaria
67%
Thailand Laos
67%
Saudi Arabia, Fiji Pakistan
67%
Dominican Republic Spagna
67%
Fiji Australia
64%
Portugal Francia
64%
Ivory Coast Mali
64%
Greece Russia
64%
Netherlands Turchia
64%
Saudi Arabia, Fiji Bangladesh
62%
Thailand Cambogia
62%
Turkey Macedonia del Nord
60%
Dominican Republic Cuba
59%
Dominican Republic Haiti
59%
Saudi Arabia, Netherlands Indonesia
59%
Thailand Birmania
55%
Ivory Coast Burkina Faso
55%
Kenya Tanzania
52%
Turkey, Netherlands, Greece Germania
50%
Ivory Coast Liberia
50%
Portugal Angola
48%
Turkey Grecia
47%
Kenya Uganda
47%
Ivory Coast Benin
45%
Ivory Coast Guinea
45%
Portugal Mozambico
45%
Thailand Nepal
43%
Greece Georgia
38%
Kenya Sud Sudan
36%
Dominican Republic Venezuela
36%
Netherlands Suriname
26%
Fiji Tonga
26%
Portugal Capo Verde
22%
Nessun quiz corrispondente trovato
Distribuzione punteggi
Percentuale di utenti per punteggio
Percentile per numero di risposta
I tuoi punteggi nel tempo
Non hai fatto questo quiz